00870nam a2200205 a 450000100100000000500170001000800410002704000250006808200160009310000370010924500600014626000560020630000210026249000430028359000750032683000500040104900090045195201870046099900170064700003520220200930074155.0111026s1942 pr 000 0 spa d aDO-SdBNPbspacBNPHU axxxxbG312d1 aGéigel Polanco, Vicente96093913aEl despertar de un pueblo. /cVicente Géigel Polanco. aSan Juan, Puerto Rico :bImprenta Venezuela,c1942. a206 p. ;c20 cm.1 aBiblioteca de Autores Puertoriqueños aPerteneció a la biblioteca personal de Juan Isidro Jimenes Grullón 0aBiblioteca de Autores Puertoriqueños960940 aBNGR 001050718MOaGRbGRcCTd2011-10-26iLF1l0oxxxx G312dp35202-10r2020-06-25w2020-06-25y1zPerteneció a la biblioteca personal de Juan Isidro Jimenes -GrullónZNo se presta c34693d34693